|
|
|
|
| LEADER |
00000nam0a2200000 4500 |
| 001 |
124392 |
| 005 |
20231031130916.0 |
| 010 |
|
|
|a 5750800717
|
| 029 |
0 |
0 |
|a RU
|b 2.2.4.545-96
|c СанПиН
|
| 035 |
|
|
|a (RuTPU)RU\TPU\book\134624
|
| 090 |
|
|
|a 124392
|
| 100 |
|
|
|a 20071031d1997 k y0rusy50 ca
|
| 101 |
0 |
|
|a rus
|
| 102 |
|
|
|a RU
|
| 105 |
|
|
|a y l 001zy
|
| 200 |
1 |
|
|a Гигиенические требования к микроклимату производственных помещений
|e санитарные правила и нормы СанПиН 2.2.4.548-96
|f Министерство здравоохранения Российской Федерации; Информационно-издательский центр
|
| 205 |
|
|
|a официальное изд.
|
| 210 |
|
|
|a Москва
|c Минздрав России
|d 1997
|
| 215 |
|
|
|a 20 с.
|
| 225 |
1 |
|
|a 2.2.4. Физические факторы производственной среды
|
| 229 |
|
|
|a Взамен СН № 4088-86
|a Утв. и введ. в действие Постановлением Госкомсанэпиднадзора России№ 21 от 1.10.96
|
| 320 |
|
|
|a Библиогр.: с. 20.
|
| 610 |
1 |
|
|a производственные помещения
|
| 610 |
1 |
|
|a микроклимат
|
| 610 |
1 |
|
|a гигиенические требования
|
| 610 |
1 |
|
|a санитарные правила и нормы
|
| 610 |
1 |
|
|a СанПиН 2.2.4.548-96
|
| 675 |
|
|
|a 613.64
|v 3
|
| 712 |
0 |
1 |
|a Российская Федерация
|b Министерство здравоохранения и социального развития (Минздравсоцразвития России)
|b Информационно-издательский центр
|2 stltpush
|3 (RuTPU)RU\TPU\col\9944
|
| 801 |
|
1 |
|a RU
|b 63413507
|c 20071031
|g PSBO
|
| 801 |
|
2 |
|a RU
|b 63413507
|c 20221207
|g PSBO
|
| 942 |
|
|
|c BK
|